<?xml version="1.0" encoding="UTF-8"?>
<marc:record xmlns:marc="http://www.loc.gov/MARC21/slim">
   <marc:leader>00000nam a2200000 a 4500</marc:leader>
   <marc:datafield ind1="1" ind2=" " tag="100">
      <marc:subfield code="a">Blättel-Mink, Birgit</marc:subfield>
      <marc:subfield code="4">edt</marc:subfield>
      <marc:subfield code="e">Bearbeiter/-in</marc:subfield>
   </marc:datafield>
   <marc:datafield ind1=" " ind2=" " tag="653">
      <marc:subfield code="a">Frau</marc:subfield>
   </marc:datafield>
   <marc:datafield ind1=" " ind2=" " tag="653">
      <marc:subfield code="a">Altern</marc:subfield>
   </marc:datafield>
   <marc:datafield ind1=" " ind2=" " tag="653">
      <marc:subfield code="a">Lebensplan</marc:subfield>
   </marc:datafield>
   <marc:datafield ind1=" " ind2=" " tag="653">
      <marc:subfield code="a">Softcover / Soziologie/Sozialstrukturforschung</marc:subfield>
   </marc:datafield>
   <marc:datafield ind1=" " ind2=" " tag="653">
      <marc:subfield code="a">Konferenzschrift</marc:subfield>
   </marc:datafield>
   <marc:datafield ind1=" " ind2=" " tag="653">
      <marc:subfield code="a">Kongress</marc:subfield>
   </marc:datafield>
   <marc:datafield ind1="0" ind2="0" tag="245">
      <marc:subfield code="a">Doing aging - weibliche Perspektiven des Älterwerdens</marc:subfield>
   </marc:datafield>
   <marc:datafield ind1="0" ind2="0" tag="245">
      <marc:subfield code="c">Birgit Blättel-Mink/Caroline Kramer (Hrsg.). Unter Mitarb. von Saskia-Fee Bender</marc:subfield>
   </marc:datafield>
   <marc:datafield ind1=" " ind2="1" tag="264">
      <marc:subfield code="a">Baden-Baden</marc:subfield>
      <marc:subfield code="b">Nomos</marc:subfield>
      <marc:subfield code="c">2009</marc:subfield>
   </marc:datafield>
   <marc:datafield ind1="1" ind2=" " tag="490">
      <marc:subfield code="a">Schriften des Heidelberger Instituts für Interdisziplinäre Frauen- und Geschlechterforschung (HIFI) e.V.</marc:subfield>
      <marc:subfield code="v">Bd. 7</marc:subfield>
   </marc:datafield>
   <marc:datafield ind1=" " ind2=" " tag="250">
      <marc:subfield code="a">1. Aufl.</marc:subfield>
   </marc:datafield>
   <marc:datafield ind1="1" ind2=" " tag="520">
      <marc:subfield code="a">Angaben aus der Verlagsmeldung

Doing Aging - Weibliche Perspektiven des Älterwerdens

Wie und wo werden die Frauen der Generation 50plus ihr zukünftiges Leben gestalten, welche Bedürfnisse haben sie an ihren sozialen und räumlichen Kontext und welche sozialen und planerischen Maßnahmen sind erforderlich, um diesen Vorstellungen gerecht zu werden? Nicht das Alter an sich, sondern der aktiv gestaltete Prozess des Alterns, d.h. der Prozess des Übergangs von der eigenen Erwerbsphase in den Ruhestand und/oder die Begleitung des Partners in dieser Phase stehen dabei im Focus. Die Autoren und Autorinnen nehmen eine neue, in die Zukunft blickende Perspektive ein, um zukünftige Wohnortwünsche, Erwerbsorientierung, Freizeit- und (Weiter)Bildungsverhalten, Umweltbewusstsein, Körperlichkeit, psychische Belastungen u.a. dieser angesichts des demographischen Wandels bedeutenden sozialen Gruppe zu erfassen und in seiner Komplexität zu verstehen. Vertreten sind Beiträge der Soziologie, Sozial- und Stadtgeographie, (Sozial)Psychologie, Soziale Gerontologie, Ethische Medizin und der Geschichtswissenschaft, wobei meist eine anwendungsorientierte Perspektive eingenommen wird.
</marc:subfield>
   </marc:datafield>
   <marc:datafield ind1=" " ind2=" " tag="020">
      <marc:subfield code="a">9783832942465</marc:subfield>
      <marc:subfield code="9">9783832942465</marc:subfield>
   </marc:datafield>
   <marc:datafield ind1=" " ind2=" " tag="041">
      <marc:subfield code="a">ger</marc:subfield>
   </marc:datafield>
   <marc:datafield ind1=" " ind2=" " tag="300">
      <marc:subfield code="a">213 S.</marc:subfield>
   </marc:datafield>
</marc:record>
